European Capital per Letter Quiz Stats

Quiz Updated Mar 7, 2017

Challenge
Share
Tweet
Embed
Score 0/17 Timer 02:00
3 Plays Today
Letter Capital % Correct
BBelgrade
97.6%
LLisbon
96.5%
MMadrid
93.5%
PParis
92.9%
AAmsterdam
92.1%
RRiga
89.4%
VValletta
85.9%
OOslo
84.9%
SSan Marino
83.4%
Letter Capital % Correct
WWarsaw
79%
HHelsinki
75.9%
CChisinau
75.2%
ZZagreb
69.7%
DDublin
68.6%
KKyiv
58.5%
TTallinn
57.9%
NNicosia
37.8%

You're not logged in!

Compare scores with friends on all Sporcle quizzes.
Join for Free
OR
Log In

You Might Also Like...

Show Comments

Extras

Top Quizzes Today


Score Distribution

Your Account Isn't Verified!

In order to create a playlist on Sporcle, you need to verify the email address you used during registration. Go to your Sporcle Settings to finish the process.

Report this User

Report this user for behavior that violates our Community Guidelines.

Details: